| 000 | 00749nam a2200217 a 4500 | ||
|---|---|---|---|
| 001 | 14047 | ||
| 003 | BD-JhCC | ||
| 005 | 20240525175002.0 | ||
| 008 | 210323s1380 bg |||| ||a| 000 0 ben d | ||
| 035 | _a(BD-JhCC)14047 | ||
| 040 |
_aBD-JhCC _dBD-JhCC |
||
| 041 | _aben | ||
| 082 |
_a923.1 _bHOQ 1380 |
||
| 100 | _a হক, আবদুল | ||
| 245 |
_a বাঙ্গালী জাতীয়তাবাদ এবং অন্যান্য প্রসঙ্গ / _cআবদুল হক |
||
| 260 |
_aচট্টগ্রাম : _bবইঘর; _c১৩৮০. |
||
| 300 |
_a72 পৃ. : _c২০ সেমি. |
||
| 650 | _aবাঙ্গালী জাতীয়তাবাদ | ||
| 942 |
_2ddc _cBK |
||
| 999 |
_c14047 _d14047 |
||